| 000 | 00872nam a2200277Ia 4500 | ||
|---|---|---|---|
| 008 | 170203s9999 xx 000 0 und d | ||
| 020 | _a0-550319018 | ||
| 050 | _aFic | ||
| 050 | _bV521t | ||
| 100 | _aVerleyen, Cyriel. | ||
| 245 | 4 | _aThe egg of Christopher Columbus / | |
| 245 | _cby Cyriel Verleyen ; illustrated by Henry Branton. | ||
| 260 | _aEdinburgh : | ||
| 260 | _bW.and R. Chambers, | ||
| 260 | _c1975 | ||
| 300 | _a[25] pages : | ||
| 300 | _billustrations (chiefly color) ; | ||
| 300 | _c19 x 20 cm. | ||
| 440 | _aTales from history. | ||
| 650 | _aColón, Cristóbal, -- 1451-1506 -- | ||
| 650 | _aExplorers -- Spain -- Biography -- | ||
| 650 | _aNorth America -- Exploration -- Colón, Cristóbal - Biographies - For children | ||
| 650 | _xJuvenile literature. | ||
| 650 | _xJuvenile literature. | ||
| 700 | _aBranton, Henry, ill. | ||
| 999 |
_c306603 _d306603 |
||